000 00433nam a2200181Ia 4500
001 9957
005 20260306161756.0
008 260306t2010||||xx |||||||||||||| ||spa||
041 _aESP
082 _aPE 869.5
_bB141 T. 1
100 _aDe la Vega, Inca Garcilaso
_eAUT
245 0 _aComentarios reales de los incas:
_b1609-2009
260 _c2010
300 _a
_c
650 _aGEN
654 _aCHU
942 _cLIB
_dJUS
_fJUS
_2ddc
_n
999 _c9957
_d9957